00740 2200217 4500001002100000005001500021035002000036007000300056008004100059020001800100082001000118084001600128100002000144245011600164250001100280260006500291300003600356650008000392700002100472856002900493INLIS00000000000124620260331020747 a0010-0326000045ta260331 e 0 ind  a979-8304-43-8 a636.7 a636.7 WIW p0 aWiwin Setiawati1 aPemanfaatan Musuh Alami Dalam Pengendalian Hayati Hama Pada Tanaman Sayuran /cBalai Penelitian Tanaman Sayuran acet. 1 aLembang - Bandung :bBalai Penelitian Tanaman Sayuran,c2004 a62 hlm :bx, 62 hlm; ilus ;c23 4aPemanfaatan Musuh Alami Dalam Pengendalian Hayati Hama Pada Tanaman Sayuran0 aBagus K. Udiarto aBalai Perpustakaan Bogor